00678nam a2200181 a 4500003000200000005001700002008004100019050003100060100001900091245006200110260009300172300004100265504004200306650003800348650003600386650003000422650004400452020250220123203.0120723s19uu xx 00 eng d aPGS TP 986.C67b.K49 2012  aKim, Ju Young. aFeasibility study in making corn plastic /cJu Young Kim. aLas Piñas City, Philippines : bSouthville International School and Colleges, c2012. a27 pages :billustrations ; c28 cm. aIncludes bibliographical references.  aBiodegradable plasticsvResearch. aCornvIndustrial applications . aPlasticsvBiodegradation. aBioplasticsvProduction and properties.